000 003450000a22000970004500
100 1 _aBockmuehl, Markus
245 1 0 _aLeave the dead to bury their own dead : A brief clarification in repley to Crispin H. T. Fletcher-Louis
300 _aVol. 26, Núm 2 (2004), Páginas 241-242
773 0 _tJournal for the Study of the New Testament
942 _cANA
999 _c55461
_d55461